Central Library OPAC University of Rajshahi

The Mediaeval stage / (Record no. 74766)

MARC details
000 -LEADER
fixed length control field 00676nam a22002417a 4500
001 - CONTROL NUMBER
control field 74766
003 - CONTROL NUMBER IDENTIFIER
rucl marc code BD-RjUL
005 - DATE AND TIME OF LATEST TRANSACTION
control field 20211209082610.0
008 - FIXED-LENGTH DATA ELEMENTS--GENERAL INFORMATION
fixed length control field 181202s1903 e ||||| b||| 001 0 eng d
035 ## - SYSTEM CONTROL NUMBER
System control number (BD-RjUL)
040 ## - CATALOGING SOURCE
Original cataloging agency BD-RjUL
Language of cataloging eng
Transcribing agency BD-RjUL
041 ## - LANGUAGE CODE
Language code of text/sound track or separate title eng
082 ## - DEWEY DECIMAL CLASSIFICATION NUMBER
Classification number 792.09
Author mark and year CHM 1903
100 1# - MAIN ENTRY--PERSONAL NAME
Personal name Chambers, E.K.
Fuller form of name Kerchever Chambers, Edmund
9 (RLIN) 225487
245 14 - TITLE STATEMENT
Title The Mediaeval stage /
Statement of responsibility, etc. Edmund Kerchever Chambers
260 ## - PUBLICATION, DISTRIBUTION, ETC. (IMPRINT)
Place of publication, distribution, etc. Oxford :
Name of publisher, distributor, etc. University Press ,
Date of publication, distribution, etc. 1903
300 ## - PHYSICAL DESCRIPTION
Pagination V, 479 P. ;
Size 22 cm
500 ## - GENERAL NOTE
General note Includes Index
505 ## - FORMATTED CONTENTS NOTE
Formatted contents note Vol. 2.--
650 ## - SUBJECT ADDED ENTRY--TOPICAL TERM
Topical term or geographic name as entry element Drama,
Form subdivision Medieval
9 (RLIN) 225488
Topical term or geographic name as entry element Theater
Form subdivision Medieval
9 (RLIN) 225489
942 ## - ADDED ENTRY ELEMENTS (KOHA)
Source of classification or shelving scheme Dewey Decimal Classification
Koha item type Books
Holdings
Lost status Source of classification or shelving scheme Damaged status Not for loan Collection code Permanent Location Current Location Shelving location Date acquired Source of acquisition Total Checkouts Full call number Date last seen Copy number Koha item type
  Dewey Decimal Classification     Non-fiction Central Library, University of Rajshahi Central Library, University of Rajshahi Reading Room 02/12/2018 Zeitlinger   792.09 CHM 1903 02/12/2018 C-1 Books